Οι Πιο Επιτυχημένοι Ελληνικοί Ποδοσφαιρικοί Σοματεία - Statistics

General Stats
  • This quiz has been taken 126 times
  • The average score is 4 of 6
Answer Stats
Σύλλογος Answer % Correct
3 Π.Α.Ο.Κ.
96%
13 Α.Ε.Κ.
95%
47 Ολυμπιακός
71%
20 Παναθηναϊκός
64%
3 Άρης
58%
1 Α.Ε.Λ.
49%
No matching quizzes found
Score Distribution
Percent of People with Each Score
Percentile by Number Answered
Your Score History
You have not taken this quiz